000
00229nam a22000977a 4500
008
180803b xxu||||| |||| 00| 0 eng d
082
_a
813.52
245
_a
Goin' to Chicago
_c
Fransisco,S
300
_a
1
_f
Cassette
942
_2
ddc
_c
MX
999
_c
46745
_d
46745